Szczegóły MARC21

Introduction à l'histoire de notre temps. 1, L'Ancien Régime et la Révolution, 1750-1815 /

003 -Nazwa inst., której nr kontr. jest w polu 001 [,]
    • @
    • Nazwa instytucji, której n kontrolny jest w polu 001
    • NUKAT
005 -DATA I CZAS OSTATNIEJ MODYFIKACJI [,]
    • @
    • pole kontrolne
    • 20241231095457.0
020 -Międzynarod. znormalizowany nr książki - ISBN [ , ]
    • a
    • Numer ISBN
    • 202000657X Find
    • q
    • Dopowiedzenie
    • tome 1
020 -Międzynarod. znormalizowany nr książki - ISBN [ , ]
    • a
    • Numer ISBN
    • 2020053640 Find
    • q
    • Dopowiedzenie
    • éd. compléte
040 -Instytucja sporządzająca opis [ , ]
    • a
    • Instytucja, która sporządziła opis (NP)
    • SZCZ U/JS
    • b
    • Język katalogowania
    • pol
    • e
    • Zasady katalogowania
    • rda
    • c
    • Instytucja, która sporządziła rekord (NP)
    • SZCZ U/JSs
942 -Rodzaj dokumentu [ , ]
    • c
    • Rodzaj dokumentu
    • Książka
100 -Hasło główne - nazwa osobowa [1, ]
    • a
    • Nazwa osobowa (NP)
    • Rémond, René
    • d
    • Daty biograficzne (NP)
    • (1918-2007).
    • e
    • Rodzaj współpracy
    • Autor
    • 9
    • KHW
    • 22307
245 -Strefa tytułu i oznaczenia odpowiedzialności [1,0]
    • a
    • Tytuł
    • Introduction à l'histoire de notre temps. Find
    • n
    • Oznaczenie części (P)
    • 1,
    • p
    • Nazwa części (P)
    • L'Ancien Régime et la Révolution, 1750-1815 /
    • c
    • Pozostałe elementy strefy tytułu i oznaczenia odpowiedzialności (NP)
    • René Rémond.
246 -Wariant tytułu [3,0]
    • a
    • Tytuł (NP)
    • Ancien Régime et la Révolution, 1750-1815
260 -Strefa adresu wydawniczego [ , ]
    • a
    • Miejsce wydania (P)
    • Paris :
    • b
    • Nazwa wydawcy (P)
    • Éditions du Seuil,
    • c
    • Data wydania (P)
    • [po 1988].
300 -Strefa opisu fizycznego [ , ]
    • a
    • Określenie formy książki i/lub objętość (NP)
    • 215, [5] stron ;
    • c
    • Format (NP)
    • 18 cm.
336 -Typ zawartości [ , ]
    • a
    • Termin opisujący typ zawartości
    • Tekst
    • b
    • Kod określający zawartość
    • txt
    • 2
    • Źródło (terminu i kodu)
    • rdacontent
337 -Typ mediów [ , ]
    • a
    • Tryb odtwarzania
    • Bez urządzenia pośredniczącego
    • b
    • Kod typu mediów
    • n
    • 2
    • Źródło (terminu i kodu)
    • rdamedia
338 -Typ/rodzaj nośnika [ , ]
    • a
    • Hasło opisujące typ nośnika
    • Wolumin
    • b
    • Kod typu nośnika
    • nc
    • 2
    • Źródło (terminu i kodu)
    • rdacarrier
490 -Strefa serii i książki wielotomowej - forma nie do wyszukiwania [1, ]
    • a
    • Tytuł (P)
    • Points. Histoire ; Find
    • v
    • Numeracja (P)
    • H12
830 -Hasło dodatkowe serii i opisu książki wielotomowej - tytuł ujednolicony/tytuł [ ,0]
    • a
    • Tytuł ujednolicony/tytuł (NP)
    • Points.
    • p
    • Nazwa części/podserii/sekcji (P)
    • Histoire
    • x
    • ISSN
    • 0768-0457
    • v
    • Oznaczenie tomu (NP)
    • H12
    • 9
    • KHW
    • 43692
500 -Uwaga ogólna [ , ]
    • a
    • Uwaga ogólna (NP)
    • W copyright 1974 rok.
500 -Uwaga ogólna [ , ]
    • a
    • Uwaga ogólna (NP)
    • Na stronie przytyt. znajduje się spis książek tego autora, wydanych zarówno w tym wydawnictwie, jak i w innych i najpóźniejsza data, pojawiająca się trzy razy przy różnych tytułach to 1988.
651 -Hasło przedmiotowe w formie nazwy geograficznej [ ,7]
    • a
    • Nazwa geograficzna
    • Francja
    • y
    • Określnik chronologiczny
    • 18 w.
    • 2
    • Źródło terminu
    • kaba
    • 9
    • KHW
    • 109436
651 -Hasło przedmiotowe w formie nazwy geograficznej [ ,7]
    • a
    • Nazwa geograficzna
    • Francja
    • y
    • Określnik chronologiczny
    • 1789-1815.
    • 2
    • Źródło terminu
    • kaba
    • 9
    • KHW
    • 109430
710 -Hasło dodatkowe - nazwa ciała zbiorowego [2, ]
    • a
    • Nazwa ciała zbiorowego lub nazwa geograficzna jako pierwszy element (NP)
    • Éditions du Seuil.
    • e
    • Rodzaj współpracy
    • Wydawca
    • 4
    • Kod relacji
    • pbl
    • 9
    • KHW
    • 55802
920 -ISBN [ , ]
    • a
    • ISBN
    • 2-02-000657-X Find
    • q
    • Dopowiedzenie
    • tome 1
920 -ISBN [ , ]
    • a
    • ISBN
    • 2-02-005364-0 Find
    • q
    • Dopowiedzenie
    • éd. compléte
Numer inwentarzowy Data inwentaryzacji Lokalizacja Status udost. Sygnatura
Z.38822 BG1Z.38822/1
BC.113712018-10-03BM-3Fr. Historia Francji 15
A.3228 BM1FR. Historia Francji 08